000 00323nam a2200145Ia 4500
008 191201s2008 xx 000 0 und d
082 _a004
_bNOI
100 _aNORTON, Peter
245 0 _aIntroduction to Computers
250 _aRep.
260 _aN.Delhi
_bTMH
_c2008
300 _a609
650 _aMCA
942 _2ddc
_cBK
999 _c3662
_d3662